| 000 | 00940nam a22002657a 4500 | ||
|---|---|---|---|
| 001 | 7436 | ||
| 003 | FISKH | ||
| 005 | 20250715153833.0 | ||
| 008 | 250715b cb ||||| |||| 00| 0 eng d | ||
| 020 | _a9781618102096 | ||
| 040 |
_aFISKH _beng _cFISKH _dFISKH |
||
| 050 | _aHG221.5 | ||
| 082 | _a332.4 | ||
| 100 | _aDuke, Shirley | ||
| 245 |
_aMoney counts : _bLittle world math concept / _cShirley Duke |
||
| 260 |
_aMinessota : _bRourke Educational Media, _c2013. |
||
| 300 |
_a24 pages : _bcolor illustrations ; _c21 cm |
||
| 505 | _aG | ||
| 520 | _aStudents are introduced to the concept of money and its various denominations from a penny to a dollar. The book demonstrates how to make different amounts using various coins and how many coins are required to buy something. | ||
| 521 | 8 |
_a330
_bLexile |
|
| 521 | 8 |
_aG
_bRaz-Plus |
|
| 650 |
_aMoney _vNon-fiction _xPicture Book |
||
| 942 |
_2ddc _cBK _n0 |
||
| 999 |
_c7436 _d7436 |
||